[Event "Polanica Zdroj op-B 56th"]
[Site "Polanica Zdroj"]
[Date "2020.08.18"]
[Round "4"]
[White "Feliksinski, Tadeusz"]
[Black "Santura, Janusz"]
[Result "1/2-1/2"]
[WhiteElo "1643"]
[BlackElo "1763"]
[PlyCount "40"]
[EventDate "2020.08.15"]
[EventType "swiss"]
[EventRounds "9"]
[EventCountry "POL"]
[SourceTitle "CBM 198 Extra"]
[Source "ChessBase"]
[SourceDate "2020.11.30"]
[SourceVersion "1"]
[SourceVersionDate "2020.11.30"]
[SourceQuality "1"]

1. e4 e5 2. Nf3 d6 3. d4 Nf6 4. Nc3 Be7 5. Bc4 Nbd7 6. 0-0 0-0 7. h3 h6 8. dxe5 Nxe5 9. Nxe5 dxe5 10. Qxd8 Rxd8 11. Be3 Bd7 12. Nd5 Nxd5 13. Bxd5 c6 14. Bb3 Be8 15. Rfd1 b6 16. c3 Kf8 17. Rxd8 Rxd8 18. Rd1 Rxd1+ 19. Bxd1 Bf6 20. Kf1 Ke7 1/2-1/2

[Event "POL-ch (Public Admin) 3rd rapid"]
[Site "Warsaw"]
[Date "2017.12.09"]
[Round "1.5"]
[White "Feliksinski, Tadeusz"]
[Black "Przedmojski, Rafal"]
[Result "0-1"]
[WhiteElo "1611"]
[BlackElo "2243"]
[PlyCount "60"]
[EventDate "2017.12.09"]
[EventType "swiss (rapid)"]
[EventRounds "9"]
[EventCountry "POL"]
[SourceTitle "CBM 182 Extra"]
[Source "ChessBase"]
[SourceDate "2018.02.23"]
[SourceVersion "1"]
[SourceVersionDate "2018.02.23"]
[SourceQuality "1"]

1. e4 c5 2. a3 g6 3. Nf3 Bg7 4. c3 d5 5. Bb5+ Bd7 6. Bxd7+ Qxd7 7. e5 Nc6 8. d4 cxd4 9. cxd4 Nh6 10. 0-0 0-0 11. Nc3 e6 12. h3 Nf5 13. g4 Nfe7 14. Be3 Na5 15. Nd2 Rac8 16. Rc1 Nc4 17. Nxc4 Rxc4 18. Qd2 Rfc8 19. Ne2 Qb5 20. Nc3 Qb6 21. Kg2 Nc6 22. Rfd1 Na5 23. Qe2 Nb3 24. Na4 Nxc1 25. Nxb6 Nxe2 26. Nxc8 Rxc8 27. Kf3 Rc2 28. Rd2 Rxd2 29. Bxd2 Nxd4+ 30. Kf4 Nc6 0-1

[Event "Miedzyzdroje OB Seniors 24th"]
[Site "Miedzyzdroje"]
[Date "2016.06.17"]
[Round "1"]
[White "Hoppensack, Manfred"]
[Black "Feliksinski, Tadeusz"]
[Result "0-1"]
[WhiteElo "1945"]
[BlackElo "1675"]
[PlyCount "80"]
[EventDate "2016.06.17"]
[EventType "swiss"]
[EventRounds "9"]
[EventCountry "POL"]
[SourceTitle "EXT 2019"]
[Source "ChessBase"]
[SourceDate "2018.10.10"]
[SourceVersion "1"]
[SourceVersionDate "2018.10.10"]
[SourceQuality "1"]

1. e4 d5 2. e5 c5 3. c3 Nc6 4. Nf3 Qc7 5. d4 Bg4 6. Be2 e6 7. 0-0 Nge7 8. Nbd2 Ng6 9. Nb3 c4 10. Nbd2 Nf4 11. Re1 Nxe2+ 12. Rxe2 Be7 13. h3 Bf5 14. Re3 0-0 15. Nf1 b5 16. g4 Bg6 17. h4 Be4 18. g5 f6 19. Ng3 Bxf3 20. Qxf3 fxe5 21. Qg4 Qd7 22. dxe5 Bc5 23. Re2 Rf7 24. Bf4 g6 25. Nf1 Raf8 26. Bg3 a5 27. Rd1 Rf5 28. Nd2 Qa7 29. Rf1 b4 30. Kg2 Kg7 31. f4 d4 32. Nxc4 dxc3 33. bxc3 bxc3 34. Rc2 Bb4 35. Nd6 Nd4 36. Nxf5+ exf5 37. Qd1 Nxc2 38. Qxc2 Rd8 39. Rf2 Qe3 40. Re2 Rd2 0-1

[Event "Miedzyzdroje OB Seniors 23rd"]
[Site "Miedzyzdroje"]
[Date "2015.06.22"]
[Round "6"]
[White "Feliksinski, Tadeusz"]
[Black "Twarogiel, Tadeusz"]
[Result "0-1"]
[WhiteElo "1730"]
[BlackElo "1997"]
[PlyCount "120"]
[EventDate "2015.06.17"]
[EventType "swiss"]
[EventRounds "8"]
[EventCountry "POL"]
[SourceTitle "EXT 2018"]
[Source "ChessBase"]
[SourceDate "2017.10.13"]
[SourceVersion "1"]
[SourceVersionDate "2017.10.13"]
[SourceQuality "1"]

1. e4 e6 2. d4 d5 3. Nc3 Bb4 4. e5 c5 5. a3 Bxc3+ 6. bxc3 Qc7 7. Qg4 f5 8. Qh5+ g6 9. Qd1 cxd4 10. cxd4 Qc3+ 11. Bd2 Qxd4 12. Nf3 Qb6 13. Rb1 Qc7 14. Rb3 Nc6 15. Be2 Nge7 16. 0-0 h6 17. Be3 b6 18. Qd2 g5 19. Bb5 Bd7 20. Re1 Kf7 21. Bd4 Na5 22. Rb4 Bxb5 23. Rxb5 Nc4 24. Qc1 Rac8 25. c3 Qd7 26. a4 Nc6 27. Qd1 Qe7 28. Re2 g4 29. Nd2 Nxd2 30. Rxd2 Na5 31. Ra2 Rc4 32. g3 h5 33. Kg2 h4 34. Qd2 Kg6 35. Rb1 Qh7 36. Kg1 Qd7 37. Qd3 hxg3 38. fxg3 Rhc8 39. h3 Nc6 40. hxg4 Nxd4 41. cxd4 Rc3 42. gxf5+ exf5 43. Qd1 Rxg3+ 44. Rg2 Rxg2+ 45. Kxg2 f4 46. Rb3 Qf5 47. Qd3 Rc2+ 48. Kf3 Rh2 49. Qxf5+ Kxf5 50. Rb4 Rh3+ 51. Kf2 Ke4 52. e6 Rh2+ 53. Kf1 Rh6 54. e7 Rh8 55. Rb1 Re8 56. Re1+ Kxd4 57. Kf2 Kc5 58. Kf3 Kd6 59. Kxf4 Rxe7 60. Rxe7 Kxe7 0-1

[Event "Polanica Zdroj op-B 47th"]
[Site "Polanica Zdroj"]
[Date "2011.??.??"]
[Round "6"]
[White "Feliksinski, Tadeusz"]
[Black "Kwiatkowski, Zygmunt"]
[Result "1/2-1/2"]
[WhiteElo "1786"]
[BlackElo "1613"]
[PlyCount "93"]
[EventDate "2011.08.18"]
[EventType "swiss"]
[EventRounds "9"]
[EventCountry "POL"]
[SourceTitle "CBM 144 Extra"]
[Source "ChessBase"]
[SourceDate "2011.10.28"]
[SourceVersion "1"]
[SourceVersionDate "2011.10.28"]
[SourceQuality "1"]

1. e4 c6 2. Nf3 d5 3. Nc3 dxe4 4. Nxe4 Nd7 5. Bc4 Ngf6 6. Qe2 Nxe4 7. Qxe4 e6 8. 0-0 Nf6 9. Qe2 Bd6 10. d4 0-0 11. Bg5 h6 12. Bh4 c5 13. Rad1 Qc7 14. Bxf6 gxf6 15. g3 b6 16. d5 e5 17. Nh4 Re8 18. Qe4 Kg7 19. Bd3 Rh8 20. c4 Bd7 21. Kg2 Qc8 22. Rfe1 Bh3+ 23. Kg1 Bg4 24. f3 Bd7 25. Nf5+ Bxf5 26. Qxf5 Qxf5 27. Bxf5 Rab8 28. a4 Rhd8 29. g4 a5 30. Kg2 Rb7 31. h4 Rbb8 32. Be4 Rh8 33. Rh1 Rbd8 34. Rh3 Kg8 35. Kf2 Kf8 36. Rg1 Ke7 37. Rhg3 Kf8 38. R3g2 Be7 39. h5 Bd6 40. Rd1 Ke7 41. Rd3 Ra8 42. Rb3 Rab8 43. Ke3 Bc7 44. Rb5 Rhd8 45. Rd2 Rg8 46. Rd3 Kd6 47. Bf5 1/2-1/2

[Event "Polanica Zdroj op-B 47th"]
[Site "Polanica Zdroj"]
[Date "2011.??.??"]
[Round "9"]
[White "Przybyl, Jozef"]
[Black "Feliksinski, Tadeusz"]
[Result "1/2-1/2"]
[WhiteElo "1941"]
[BlackElo "1786"]
[PlyCount "52"]
[EventDate "2011.08.18"]
[EventType "swiss"]
[EventRounds "9"]
[EventCountry "POL"]
[SourceTitle "CBM 144 Extra"]
[Source "ChessBase"]
[SourceDate "2011.10.28"]
[SourceVersion "1"]
[SourceVersionDate "2011.10.28"]
[SourceQuality "1"]

1. e4 d5 2. exd5 Qxd5 3. Nc3 Qa5 4. Nf3 Nf6 5. d4 Bf5 6. Bd2 Qb6 7. Rb1 c6 8. Bc4 e6 9. 0-0 Bd6 10. Bb3 0-0 11. h3 Nbd7 12. Be3 Nd5 13. Nxd5 exd5 14. Nh4 Be6 15. c3 Nf6 16. Bc2 Qc7 17. Nf3 Bf4 18. Re1 Rae8 19. Qc1 Bxe3 20. Rxe3 Qf4 21. Qf1 Bc8 22. Rbe1 Re6 23. Rxe6 Bxe6 24. Qd3 g6 25. Qe3 Qxe3 26. Rxe3 Re8 1/2-1/2

[Event "Polanica Zdroj op-E 46th"]
[Site "Polanica Zdroj"]
[Date "2010.08.26"]
[Round "8"]
[White "Feliksinski, Tadeusz"]
[Black "Stec, Ewa"]
[Result "1-0"]
[WhiteElo "1829"]
[BlackElo "2071"]
[PlyCount "137"]
[EventDate "2010.08.19"]
[EventType "swiss"]
[EventRounds "10"]
[EventCountry "POL"]
[SourceTitle "CBM 138 Extra"]
[Source "ChessBase"]
[SourceDate "2010.10.29"]
[SourceVersion "1"]
[SourceVersionDate "2010.10.29"]
[SourceQuality "1"]

1. e4 c5 2. Nf3 Nc6 3. d4 cxd4 4. Nxd4 Nf6 5. Nc3 e5 6. Ndb5 d6 7. Be2 a6 8. Na3 b5 9. Nd5 Nxe4 10. Bf3 f5 11. Bxe4 fxe4 12. c3 Be6 13. Be3 Rb8 14. Nc2 a5 15. a3 g6 16. Qd2 h6 17. h3 Bg7 18. Rd1 Ne7 19. Nxe7 Kxe7 20. 0-0 Bc4 21. Rfe1 Bd3 22. Kh1 g5 23. Rg1 Ke6 24. Ne1 Bc4 25. Qc2 a4 26. Qxe4 d5 27. Qg4+ Kf7 28. Qh5+ Ke6 29. Bc5 Qc7 30. Bb4 Qf7 31. Qxf7+ Kxf7 32. f3 Rhe8 33. Nc2 e4 34. fxe4 Rxe4 35. Rde1 Rbe8 36. Bc5 Re2 37. Ne3 Rxb2 38. Nxc4 Rxe1 39. Nd6+ Kg6 40. Rxe1 Bxc3 41. Rd1 d4 42. Ne4 Rb3 43. Kg1 b4 44. Nxc3 bxc3 45. Bxd4 c2 46. Rc1 Rd3 47. Bb2 Rd2 48. Kh2 h5 49. Kg3 h4+ 50. Kf3 Kf5 51. Bg7 Rd3+ 52. Ke2 Rxa3 53. Rxc2 Rg3 54. Kf2 Rb3 55. Ra2 Rb4 56. Bf8 Rc4 57. Rb2 Ke4 58. Rb4 Rxb4 59. Bxb4 g4 60. Ke2 Kf4 61. Bd6+ Kf5 62. Ke3 Ke6 63. Ba3 Kf5 64. Bb2 gxh3 65. gxh3 Kg5 66. Ke4 Kg6 67. Kf4 Kh5 68. Kf5 Kh6 69. Kg4 1-0

[Event "Polanica Zdroj op-E 46th"]
[Site "Polanica Zdroj"]
[Date "2010.08.22"]
[Round "4"]
[White "Feliksinski, Tadeusz"]
[Black "Duda, Ryszard"]
[Result "1-0"]
[WhiteElo "1829"]
[BlackElo "1773"]
[PlyCount "77"]
[EventDate "2010.08.19"]
[EventType "swiss"]
[EventRounds "10"]
[EventCountry "POL"]
[SourceTitle "CBM 138 Extra"]
[Source "ChessBase"]
[SourceDate "2010.10.29"]
[SourceVersion "1"]
[SourceVersionDate "2010.10.29"]
[SourceQuality "1"]

1. e4 c5 2. Nf3 Nc6 3. d4 cxd4 4. Nxd4 g6 5. Be2 Bg7 6. Be3 Nf6 7. Nc3 0-0 8. 0-0 a6 9. a4 e6 10. Nxc6 dxc6 11. Qxd8 Rxd8 12. Rad1 Rxd1 13. Rxd1 Bd7 14. g4 Be8 15. a5 Nd7 16. Na4 Bf8 17. c3 Kg7 18. f4 Kg8 19. g5 Be7 20. e5 Bd8 21. b4 Kg7 22. h4 Bc7 23. Kf2 Bb8 24. Nb6 Nxb6 25. Bxb6 Ba7 26. Bxa7 Rxa7 27. Rd8 Kf8 28. Ke3 Ke7 29. Rd6 Ra8 30. Kd4 Rd8 31. Kc5 Rxd6 32. exd6+ Kd7 33. Kb6 Kc8 34. c4 Bd7 35. b5 axb5 36. cxb5 cxb5 37. Bxb5 Bxb5 38. Kxb5 Kd7 39. Kb6 1-0

[Event "Rowy Seniors-ch 15th"]
[Site "Rowy"]
[Date "2009.09.14"]
[Round "7"]
[White "Feliksinski, Tadeusz"]
[Black "Zinczuk, Leon"]
[Result "1-0"]
[WhiteElo "1814"]
[BlackElo "1911"]
[PlyCount "49"]
[EventDate "2009.09.08"]
[EventType "swiss"]
[EventRounds "9"]
[EventCountry "POL"]
[SourceTitle "EXT 2010"]
[Source "ChessBase"]
[SourceDate "2010.11.25"]
[SourceVersion "1"]
[SourceVersionDate "2010.11.25"]
[SourceQuality "1"]

1. e4 c5 2. Nf3 Nc6 3. d4 cxd4 4. Nxd4 g6 5. c4 Bg7 6. Be3 Nf6 7. Nc3 Ng4 8. Qxg4 Nxd4 9. Qd1 Ne6 10. Rc1 Qa5 11. Qd5 Qb4 12. Qd2 b6 13. a3 Qa5 14. Qd5 Qxd5 15. cxd5 Nc5 16. f3 0-0 17. Bc4 f5 18. b4 Nb7 19. g3 Nd6 20. Bd3 fxe4 21. fxe4 Bb7 22. Ke2 Rac8 23. Nb5 Nxb5 24. Bxb5 d6 25. Bd7 1-0

[Event "Rowy Seniors-ch 15th"]
[Site "Rowy"]
[Date "2009.09.09"]
[Round "2"]
[White "Niezgoda, Boleslaw"]
[Black "Feliksinski, Tadeusz"]
[Result "1/2-1/2"]
[WhiteElo "1769"]
[BlackElo "1814"]
[PlyCount "78"]
[EventDate "2009.09.08"]
[EventType "swiss"]
[EventRounds "9"]
[EventCountry "POL"]
[SourceTitle "EXT 2010"]
[Source "ChessBase"]
[SourceDate "2010.11.25"]
[SourceVersion "1"]
[SourceVersionDate "2010.11.25"]
[SourceQuality "1"]

1. e4 e5 2. Nf3 Nc6 3. c3 Nf6 4. Qc2 d5 5. d3 h6 6. Be2 Be7 7. 0-0 0-0 8. Nbd2 a6 9. Re1 b5 10. a3 Bb7 11. exd5 Nxd5 12. Ne4 Nf6 13. Ng3 Bc5 14. b4 Bb6 15. Nf5 Nd7 16. Qd2 Qf6 17. Ng3 Rad8 18. Nh5 Qf5 19. Ng3 Qh7 20. Bb2 Nf6 21. Nh4 e4 22. Nhf5 Bc8 23. d4 Bxf5 24. Qf4 Be6 25. a4 Bc4 26. axb5 axb5 27. Bh5 Nxh5 28. Nxh5 Qg6 29. Ng3 f5 30. Bc1 Qf6 31. Nh5 Qg6 32. Qh4 Rde8 33. Nf4 Qg4 34. Qg3 Qxg3 35. hxg3 g5 36. Nh3 Ra8 37. Rxa8 Rxa8 38. g4 Ra2 39. gxf5 Bd3 1/2-1/2

[Event "Polanica Zdroj op Seniors 45th"]
[Site "Polanica Zdroj"]
[Date "2009.09.02"]
[Round "3"]
[White "Spychalska, Bozena"]
[Black "Feliksinski, Tadeusz"]
[Result "0-1"]
[WhiteElo "1622"]
[BlackElo "1814"]
[PlyCount "54"]
[EventDate "2009.08.18"]
[EventType "swiss"]
[EventRounds "9"]
[EventCountry "POL"]
[SourceTitle "EXT 2012"]
[Source "ChessBase"]
[SourceDate "2011.11.24"]
[SourceVersion "1"]
[SourceVersionDate "2011.11.24"]
[SourceQuality "1"]

1. e4 e5 2. Nf3 Nc6 3. Nc3 Nf6 4. Bc4 Bc5 5. 0-0 d6 6. h3 a6 7. a3 h6 8. Re1 0-0 9. b4 Ba7 10. Nd5 Nxd5 11. exd5 Ne7 12. d3 Ng6 13. c3 b5 14. Ba2 Qf6 15. d4 Re8 16. Be3 e4 17. Nd2 Qh4 18. Kh2 f5 19. g3 Qf6 20. f4 Ne7 21. Qh5 Bd7 22. Nf1 Kh7 23. Rad1 g6 24. Qh4 Qf7 25. g4 fxg4 26. hxg4 Kg7 27. Ng3 Ng8 0-1

[Event "Polanica Zdroj op Seniors 45th"]
[Site "Polanica Zdroj"]
[Date "2009.08.26"]
[Round "9"]
[White "Santura, Janusz"]
[Black "Feliksinski, Tadeusz"]
[Result "0-1"]
[WhiteElo "1845"]
[BlackElo "1814"]
[PlyCount "54"]
[EventDate "2009.08.18"]
[EventType "swiss"]
[EventRounds "9"]
[EventCountry "POL"]
[SourceTitle "EXT 2012"]
[Source "ChessBase"]
[SourceDate "2011.11.24"]
[SourceVersion "1"]
[SourceVersionDate "2011.11.24"]
[SourceQuality "1"]

1. d4 d5 2. Nf3 Nf6 3. Bg5 g6 4. e3 Bg7 5. Bd3 c5 6. c3 c4 7. Bc2 0-0 8. Nbd2 Nc6 9. Qe2 b5 10. 0-0 h6 11. Bxf6 Bxf6 12. e4 dxe4 13. Nxe4 Bg7 14. a4 Ba6 15. Nc5 Qc8 16. Be4 Rb8 17. b3 b4 18. Rac1 bxc3 19. Bxc6 Qxc6 20. Rxc3 e5 21. Nxe5 Bxe5 22. Qxe5 cxb3 23. Nxa6 Qxa6 24. Rb1 Qxa4 25. Qe3 b2 26. Qd3 Rfd8 27. d5 a5 0-1